000 00408nam a22001697a 4500
003 MPLRDC
005 20220104123709.0
008 210129b ||||| |||| 00| 0 eng d
082 _a428 ZJZM
100 _a浙江少年儿童出版社编
245 _a育儿大全
_c
250 _a一版三刷
260 _a
_b浙江少年儿童出版社
_c1987
300 _b
650 _a
942 _cBK
_o428 ZJZM
999 _c13475
_d13465